National report of the united Arab emirates on the development of education from 1993/1994-1995/1996 to international conference on education (45 : september 1996 : geneva).

Sábháilte in:
Sonraí bibleagrafaíochta
Údar corparáideach: United Arab Emirates
Formáid: LEABHAR
Teanga:Béarla
Ábhair:
Clibeanna: Cuir clib leis
Níl clibeanna ann, Bí ar an gcéad duine le clib a chur leis an taifead seo!

MARC

LEADER 00000cam^a2200000uu^4500
001 000462919
005 20250521000000.0
008 050901s1996^^^^^^^^^^^^rd^r^^000^0^eng^d
009 20260310124259.201
035 |a FCE 000005468 
035 |a FCE 021675 
037 |a Acervo ITESO - Biblioteca 
041 |a eng 
082 0 4 |a 379.53  |b UNIn 
110 |a United Arab Emirates 
245 1 0 |a National report of the united Arab emirates on the development of education from 1993/1994-1995/1996 to international conference on education (45 : september 1996 : geneva). 
264 |a Dubai :  |b United Arab Emirates,  |c 1996. 
300 |a 120 p. 
336 |a texto  |b txt  |2 rdacontenido 
337 |a sin mediación  |b n  |2 rdamedio 
338 |a volumen  |b nc  |2 rdasoporte 
649 |a XX 
650 |a Docentes 
650 |a Estadísticas educativas 
650 |a Sistema educativo 
650 |a Administración de la educación 
650 |a Educación no formal 
650 |a Perspectivas 
650 |a Currículo 
650 |a Reforma de la educación 
650 |a Condición socioeconómica 
650 |a Programas de intercambio 
650 |a Investigación educacional 
650 |a Políticas de educación 
650 |a Arabia 
910 |a Fondo Centro de Estudios Educativos 
920 |a Impresos - Libros 
930 |a Fondos Especiales 
905 |a 133 
901 |a ALE021675  |b IT2  |c CEE  |u 20250521 
902 |a https://opac.biblio.iteso.mx/vufind/Record/000462919